000 nam a22 7a 4500
999 _c16893
_d16893
008 161118b xxu||||| |||| 00| 0 eng d
020 _a9781121609259
050 _aHB 171.5 .R58 2013
100 _aRiverland Economics
_d2013
245 _aRiverland Economics/
_cRiverland Economics
260 _aUSA:
_bMc Graw-Hill,
_c2013.
300 _avi,585p.:
_bill.;
_c28cm.
521 _aIncludes index.
942 _2lcc
_cBOOKS
_hHB 171.5 .R58 2013